Facile facile (Registro nro. 3786)
[ vista simple ]
| 000 -CABECERA | |
|---|---|
| campo de control de longitud fija | 00659nam a2200229 i 4500 |
| 001 - NÚMERO DE CONTROL | |
| campo de control | Rebiun17562787 |
| 003 - IDENTIFICADOR DEL NÚMERO DE CONTROL | |
| campo de control | AR-RoIUNI |
| 005 - FECHA Y HORA DE LA ÚLTIMA TRANSACCIÓN | |
| campo de control | 20190123164615.0 |
| 007 - CAMPO FIJO DE DESCRIPCIÓN FÍSICA--INFORMACIÓN GENERAL | |
| campo de control de longitud fija | ta |
| 008 - DATOS DE LONGITUD FIJA--INFORMACIÓN GENERAL | |
| campo de control de longitud fija | s2012 it a 000 itad| |
| 020 ## - NÚMERO INTERNACIONAL ESTÁNDAR DEL LIBRO | |
| Número Internacional Estándar del Libro | 9788869568323 |
| 040 ## - FUENTE DE LA CATALOGACIÓN | |
| Centro catalogador/agencia de origen | UGR |
| Centro/agencia transcriptor | AR-RoIUNI |
| 080 ## - NÚMERO DE LA CLASIFICACIÓN DECIMAL UNIVERSAL | |
| Número de la Clasificación Decimal Universal | 811.131.1 CAS |
| 100 1# - ENTRADA PRINCIPAL--NOMBRE DE PERSONA | |
| Nombre de persona | Cassiani, Paolo |
| 245 10 - MENCIÓN DE TÍTULO | |
| Título | Facile facile |
| Resto del título | Libro di italiano per studenti stranieri |
| Nombre de parte o sección de la obra | Livello elementare A2 |
| Mención de responsabilidad, etc. | Paolo Cassiani, Laura Mattioli |
| 260 ## - PUBLICACIÓN, DISTRIBUCIÓN, ETC. (PIE DE IMPRENTA) | |
| Lugar de publicación, distribución, etc. | Pesaro : |
| Nombre del editor, distribuidor, etc. | Nina, |
| Fecha de publicación, distribución, etc. | 2012 |
| 300 ## - DESCRIPCIÓN FÍSICA | |
| Extensión | 80 p. : |
| Otras características físicas | il. ; |
| Dimensiones | 27 cm |
| 650 10 - PUNTO DE ACCESO ADICIONAL DE MATERIA--TÉRMINO DE MATERIA | |
| Término de materia o nombre geográfico como elemento inicial | Italiano |
| 9 (RLIN) | 544 |
| Subdivisión general | Lengua |
| 655 #4 - TÉRMINO DE INDIZACIÓN--GÉNERO/FORMA | |
| Datos o término principal de género/forma | Estudio y ejercicios |
| 700 1# - PUNTO DE ACCESO ADICIONAL--NOMBRE DE PERSONA | |
| Nombre de persona | Mattioli, Laura, |
| Término indicativo de función/relación | coaut |
| 942 ## - ELEMENTOS DE PUNTO DE ACCESO ADICIONAL (KOHA) | |
| Fuente del sistema de clasificación o colocación | Clasificación Decimal Universal |
| Tipo de ítem Koha | Libros |
| Estado de retiro | Estado de pérdida | Fuente del sistema de clasificación o colocación | Estado dañado | Excepción de préstamo | Localización permanente | Ubicación/localización actual | Ubicación en estantería | Fecha de adquisición | Número de inventario | Total de préstamos | Signatura topográfica completa | Código de barras | Fecha visto por última vez | Precio válido a partir de | Tipo de ítem Koha |
|---|---|---|---|---|---|---|---|---|---|---|---|---|---|---|---|
| Clasificación Decimal Universal | BIBLIOTECA CENTRAL | BIBLIOTECA CENTRAL | BIBLIOTECA CENTRAL | 23/01/2019 | 3946 | 811.131.1 CAS | 3946c | 05/04/2018 | 05/04/2018 | Libros |

